| 000 | 00637nam a2200217 a 4500 | ||
|---|---|---|---|
| 005 | 20210219153342.0 | ||
| 008 | 991125n 000 0 spa u | ||
| 035 | _aUPN01000093216 | ||
| 100 | _aWAGNER, Daniel A. | ||
| 222 | _aREVISTA DE EDUCACION | ||
| 245 | _aEl porvenir de la alfabetización : cinco problemas comúnes a los países industrializados y en desarrollo | ||
| 300 | _a147-160 | ||
| 362 | _a1989 No. 288, ene.-abr. | ||
| 653 | 0 | _aALFABETIZACION | |
| 653 | 0 | _aANALFABETISMO | |
| 653 | 0 | _aEDUCACION DE ADULTOS | |
| 653 | 0 | _aPAISES EN DESARROLLO | |
| 653 | 0 | _aUNESCO | |
| 904 |
_aAC _b031027 |
||
| 905 | _aArticulo | ||
| 999 |
_c74614 _d74614 |
||